000 00257nam a22001097a 4500
082 _a629.254YOU
100 _aYoung
245 _aAutomobile electrical and electronic equipment
260 _aLondon
_bEnglish Book Society
_c1986
300 _a458
942 _cBK
999 _c14666
_d14666